Taşeli'nin batmayan güneşi Karacaoğlan (Record no. 5158)

MARC details
000 -BAŞLIK
Sabit Uzunlukta Kontrol Alanı 00787na a2200277 4500
001 - KONTROL NUMARASI
Denetim Alanı 16020
003 - KONTROL NUMARASI IDENTIFIER
Denetim Alanı MIRAKIL
005 - SON İŞLEM TARİHİ VE ZAMANI
Denetim Alanı 20181213155029.0
008 - SABİT-BOY VERİ ELEMANLARI - GENEL BİLGİLER
Sabit Uzunlukta Kontrol Alanı 161013b tu 000 0
020 ## - ULUSLARARASI STANDART KİTAP NUMARASI
Uluslararası Standart Kitap Numarası 9786058932005
035 ## - SİSTEM KONTROL NUMARASI
Sistem Kontrol Numarası 16020
040 ## - KATALOGLAMA KAYNAK
Orijinal Kataloglama Ajansı Milas
Kataloglama Dili tur
Metne Dönüştürmek Ajansı TR-AnCHP
082 ## - DEWEY ONLU SINIFLANDIRMA NUMARASI
Sınıflandırma Numarası 928 Karacaoğlan
Ürün Numarası E67t 2009
090 ## - SINIFLAMA NUMARASI
Sınıflama Numarası 928 Karacaoğlan E67t 2009
100 ## - ANA GİRİŞ - KİŞİSEL İSİM
Kişisel Ad Ertaş, Murat
245 ## - BAŞLIK TABLOSU
Başlık Taşeli'nin batmayan güneşi Karacaoğlan
Sorumluluk Tablosu, Vb Mustafa Ertaş
246 ## - UNVAN FORM VARYING
Başlık Doğru / Kısa Başlığı Karacaoğlan
260 ## - YAYIN, DAĞITIM, VB
Yayın, Dağıtım, Vb Yeri Konya
Yayıncı, Dağıtıcı, Vs Adı Ertaş Yayınları
Yayın, Dağıtım, Vb Tarihi 2009
300 ## - FİZİKSEL TANIM
Kapsam 270 s.
Diğer Fiziksel Ayrıntıları ftg.
Boyutlar 21 sm.
440 ## - SERİSİ TABLOSU / KATMA GİRİŞİ - BAŞLIK
Başlık Ertaş Yayınları
Hacim / Ardışık Tanımı 6
504 ## - KAYNAKÇA VB NOT
Kaynakça Vb Notu Kaynakça ve dizin var.
600 ## - KONU KATMA GİRİŞ - KURUMSAL ADI
Kişisel Ad Karacaoğlan
Genel Alt Bölümü Yaşamöyküsü
650 ## - KONU KATMA GİRİŞ - TOPİKAL DÖNEM
Topikal Süreli Veya Coğrafi Ad Giriş Elemanı Halk şairleri
Coğrafi Alt Bölümü Türkiye
650 ## - KONU KATMA GİRİŞ - TOPİKAL DÖNEM
Topikal Süreli Veya Coğrafi Ad Giriş Elemanı Halk şiiri
942 ## - EKLENDİ GİRİŞ ELEMANLARI (KOHA)
Sınıflandırma Veya Raf Düzeni Kaynak
Koha Öğesi Türü Books
999 ## - SİSTEM KONTROL NUMARALARI (KOHA)
Koha Biblionumber 5158
Koha Biblioitemnumber 5158
Holdings
Kalıcı Konum Mevcut Konum Edinme Tarihi Edinim Kaynak Toplam Check-Out'Lar Tam Çağrı Numarası Barkod Tarih Son Görülme İtibaren Geçerli Fiyatlar Koha Öğesi Türü
CHP Kütüphanesi CHP Kütüphanesi 09/28/2016 Bağış   928 Karacaoğlan E67t 2009 004629 09/28/2016 09/28/2016 Books